| 000 -LEADER |
| fixed length control field |
01425cam a2200361 a 4500 |
| 001 - CONTROL NUMBER |
| control field |
17256837 |
| 003 - CONTROL NUMBER IDENTIFIER |
| control field |
NUST |
| 005 - DATE AND TIME OF LATEST TRANSACTION |
| control field |
20180111103512.0 |
| 008 - FIXED-LENGTH DATA ELEMENTS--GENERAL INFORMATION |
| fixed length control field |
120416s2012 nyuaf 000 0ceng |
| 010 ## - LIBRARY OF CONGRESS CONTROL NUMBER |
| LC control number |
2012006060 |
| 020 ## - INTERNATIONAL STANDARD BOOK NUMBER |
| International Standard Book Number |
9781451661217 (hardcover) |
| 020 ## - INTERNATIONAL STANDARD BOOK NUMBER |
| International Standard Book Number |
1451661215 (hardcover) |
| 020 ## - INTERNATIONAL STANDARD BOOK NUMBER |
| International Standard Book Number |
9781451661309 (trade paper) |
| 020 ## - INTERNATIONAL STANDARD BOOK NUMBER |
| International Standard Book Number |
1451661304 (trade paper) |
| 020 ## - INTERNATIONAL STANDARD BOOK NUMBER |
| International Standard Book Number |
9781451661224 (ebook) |
| 020 ## - INTERNATIONAL STANDARD BOOK NUMBER |
| International Standard Book Number |
1451661223 (ebook) |
| 040 ## - CATALOGING SOURCE |
| Original cataloging agency |
DLC |
| Transcribing agency |
DLC |
| Modifying agency |
DLC |
| 042 ## - AUTHENTICATION CODE |
| Authentication code |
pcc |
| 043 ## - GEOGRAPHIC AREA CODE |
| Geographic area code |
n-us--- |
| 050 00 - LIBRARY OF CONGRESS CALL NUMBER |
| Classification number |
BX8643.P63 |
| Item number |
S57 2012 |
| 082 00 - DEWEY DECIMAL CLASSIFICATION NUMBER |
| Classification number |
306.8423 |
| Author Mark |
BEC |
| 245 00 - TITLE STATEMENT |
| Title |
Becoming sister wives : |
| Remainder of title |
the story of an unconventional marriage / |
| Statement of responsibility, etc. |
Kody ... Brown. |
| 250 ## - EDITION STATEMENT |
| Edition statement |
1st Gallery Books hardcover ed. |
| 260 ## - PUBLICATION, DISTRIBUTION, ETC. |
| Place of publication, distribution, etc. |
New York : |
| Name of publisher, distributor, etc. |
Gallery Books, |
| Date of publication, distribution, etc. |
2012. |
| 300 ## - PHYSICAL DESCRIPTION |
| Extent |
x, 271 p., [8] p. of plates : |
| Other physical details |
col. ill., geneal. tables ; |
| Dimensions |
25 cm. |
| 600 30 - SUBJECT ADDED ENTRY--PERSONAL NAME |
| Personal name |
Brown family. |
| 9 (RLIN) |
8262 |
| 610 20 - SUBJECT ADDED ENTRY--CORPORATE NAME |
| Corporate name or jurisdiction name as entry element |
Fundamentalist Church of Jesus Christ of Latter Day Saints |
| General subdivision |
Doctrines. |
| 9 (RLIN) |
8263 |
| 630 00 - SUBJECT ADDED ENTRY--UNIFORM TITLE |
| Uniform title |
Sister wives (Television program) |
| 9 (RLIN) |
8264 |
| 650 #0 - SUBJECT ADDED ENTRY--TOPICAL TERM |
| Topical term or geographic name entry element |
Polygamy |
| Geographic subdivision |
United States. |
| 9 (RLIN) |
8265 |
| 650 #0 - SUBJECT ADDED ENTRY--TOPICAL TERM |
| Topical term or geographic name entry element |
Mormon women |
| Form subdivision |
Biography. |
| 9 (RLIN) |
8266 |
| 700 1# - ADDED ENTRY--PERSONAL NAME |
| Personal name |
Brown, Kody. |
| 9 (RLIN) |
8267 |
| 906 ## - LOCAL DATA ELEMENT F, LDF (RLIN) |
| a |
7 |
| b |
cbc |
| c |
orignew |
| d |
1 |
| e |
ecip |
| f |
20 |
| g |
y-gencatlg |
| 942 ## - ADDED ENTRY ELEMENTS (KOHA) |
| Source of classification or shelving scheme |
|
| Koha item type |
Book |